| 000 | 00536nam a22001937a 4500 | ||
|---|---|---|---|
| 005 | 20251108171154.0 | ||
| 008 | 250721s9999 xx 000 0 ara d | ||
| 082 | 1 | 4 | _aط/613.2/ناى |
| 100 | 1 | _aسعادة، نايف | |
| 245 | 1 | 0 | _aغذاؤنا / |
| 264 | 1 |
_aبيروت : _bدار الفتى العربي للنشر والتوزيع، |
|
| 300 | _a77ص | ||
| 490 | 0 | _aالبيئة العربية | |
| 650 | 1 | 7 | _aالتغذية |
| 650 | 1 | 7 | _aالصحة |
| 700 | 1 | _aحمزة، معين | |
| 942 |
_2ddc _cBK |
||
| 999 |
_c58445 _d58445 |
||